Flowers. (Record no. 102513)
[ view plain ]
| 000 -LEADER | |
|---|---|
| fixed length control field | 00330nam a2200133 a 4500 |
| 005 - DATE AND TIME OF LATEST TRANSACTION | |
| control field | 20140412111237.0 |
| 008 - FIXED-LENGTH DATA ELEMENTS--GENERAL INFORMATION | |
| fixed length control field | 001115s19uu xx 00 eng d |
| 050 ## - LIBRARY OF CONGRESS CALL NUMBER | |
| Classification number | M 582.13 |
| Item number | Fl644 19_? |
| 245 ## - TITLE STATEMENT | |
| Title | Flowers. |
| 300 ## - PHYSICAL DESCRIPTION | |
| Extent | 13 p. ; col. |
| 440 ## - SERIES STATEMENT/ADDED ENTRY--TITLE | |
| Title | My Picture Library |
| 650 ## - SUBJECT ADDED ENTRY--TOPICAL TERM | |
| Topical term or geographic name as entry element | Flowers -- Pictorial works |
| Withdrawn status | Lost status | Damaged status | Use restrictions | Home library | Current library | Shelving location | Date acquired | Source of acquisition | Total Checkouts | Full call number | Barcode | Date last seen | Price effective from | Koha item type |
|---|---|---|---|---|---|---|---|---|---|---|---|---|---|---|
| Elizalde Library | Elizalde Library | Main Section | 11/15/2000 | M 582.13 Fl644 19_? | E1933 | 04/12/2014 | 04/12/2014 | Books |